| 000 | 00622nam a22001577a 4500 | ||
|---|---|---|---|
| 003 | OSt | ||
| 005 | 20151130084455.0 | ||
| 008 | 151130b xxu||||| |||| 00| 0 eng d | ||
| 040 | _cRUA | ||
| 082 | _aFIS UN 1998 B168 Or.1 | ||
| 100 |
_93984 _aUN, DARA. |
||
| 245 | _atrap pond mapping in romeas hek district svay rieng province (ការធ្វើផែនទីប្រព័ន្បៀរចាប់ត្រីធម្មជាតិក្នងស្រុករមាសហែកខេត្តស្វារៀង)ទ | ||
| 260 |
_aPhnom Penh _bRUA _c1998 |
||
| 300 |
_a49p. _bill. _c29cm. |
||
| 942 |
_2ddc _cFIS |
||
| 999 |
_c3705 _d3705 |
||